Dragons dans How To Train Your Dragon - Statistiques

Statistiques générales
  • Ce quiz a été pris 130 fois
  • Le résultat moyen est 9 sur 16
Statistiques - réponses
Par images Réponse % Correct
Furie nocturne
98%
Furie éclair
83%
Gronk
80%
Vipère
77%
Cauchemar monstrueux
72%
Ebouillantueur
65%
Terreur terrible
59%
murmure mortel
56%
Mort rouge
52%
Ecrevasse
48%
Vélocidard
36%
Corne brute
34%
Abysse mortifère
26%
Buffleroi
26%
Rôtisseur
25%
Milles tonnerres
18%
Aucun quiz correspondant
Distribution des résultats
% des personnes avec chaque résultat
Percentile par nombre de réponses
Votre historique - résultats
Vous n’avez pas pris ce quiz